000 01433ngm a22004090a 4500
001 PT43896
003 AR-LpoUNG
005 20210201235944.0
007 vd cvaizq
008 191001s[201||||ag |||||||||||||||||spa d
040 _aAR-LpoUNG
_bspa
_cAR-LpoUNG
_eaacr
041 _aspa
044 _aag
082 0 _a302.1 617v12
100 1 _aBirri, Fernando
_edir.
245 1 0 _aMi hijo el Che
260 _aRosario :
_bISCAA - ATE,
_c[2011].
300 _aDVD (60 min.) : son., col.
505 0 _aHecha en 1985. Cuba-España-Italia.- Guión: Fernando Birri. - Producción: Fernando Birri. - Fotografía: Adriano Moreno, Roberto Fernández. - Edición: Fernando Birri, Alfredo Muschietti. - Música: Tata Cedrón, Juan Formell, Benny Moré, Pedro Vega, Ernesto Duarte, Juan Márquez. - Sonido: Germinal Hernández
520 _aRetrato del Che Guevara. Los recuerdos y el testimonio de su padre; imágenes de familia, fotos y filmes revelan facetas inéditas y ofrecen una visión no común de este gran personaje histórico.
650 4 _aARGENTINA
650 4 _aARTE
650 4 _aCULTURA
650 4 _aITALIA
650 4 _aPOBREZA
650 4 _aPROBLEMAS SOCIALES
651 4 _aArgentina
653 _aCHE
653 _aCINE ARGENTINO
653 _aCORTOMETRAJE
653 _aDOCUMENTALES
653 _aDVD
653 _aGUEVARA, ERNESTO
653 _aVIDEOS
905 _a43896
942 _cDVD
999 _c53843
_d53843